书目信息 |
| 题名: |
中国工艺美术史
|
|
| 作者: | 白波 , 孟红霞 主编 | |
| 分册: | ||
| 出版信息: | 北京 清华大学出版社 2020.8 |
|
| 页数: | 206页 | |
| 开本: | 26cm | |
| 丛书名: | 高等院校广告和艺术设计专业系列规划教材 | |
| 单 册: | ||
| 中图分类: | J509.2 | |
| 科图分类: | ||
| 主题词: | 工艺美术史--中国--高等学校--教材 | |
| 电子资源: | ||
| ISBN: | 978-7-302-37000-0 | |
| 000 | 01362nam 2200289 45 | |
| 001 | 012001001213 | |
| 005 | 20130910172851.0 | |
| 010 | @a978-7-302-37000-0@dCNY59.00 | |
| 099 | @aCAL 012015076098 | |
| 100 | @a20150617d2015 em y0chiy0110 ea | |
| 101 | 0 | @achi |
| 102 | @aCN@b110000 | |
| 105 | @aak a 000yy | |
| 106 | @ar | |
| 200 | 1 | @a中国工艺美术史@AZhong Guo Gong Yi Mei Shu Shi@f白波, 孟红霞主编 |
| 210 | @a北京@c清华大学出版社@d2020.8 | |
| 215 | @a206页@c图@d26cm | |
| 225 | 2 | @a高等院校广告和艺术设计专业系列规划教材@AGao Deng Yuan Xiao Guang Gao He Yi Shu She Ji Zhuan Ye Xi Lie Gui Hua Jiao Cai |
| 320 | @a有书目 (第205-206页) | |
| 330 | @a本书依据教育部“中国工艺美术史”课程教学大纲编写,紧密结合考古发掘的新发现,以历史朝代更迭为线索、以出土实物和历史文献为主、辅之以传世作品,理清中国工艺美术发展脉络,深入浅出地讲述中国工艺美术发展历史,使读者能够对发生在几千年前的历史事件和工艺美术作品有一个全面客观的认识。本书知识系统、内容丰富、图文并茂、通俗易懂,强化艺术素质培养,并注重挖掘历史人文内涵、精选风格鲜明的经典作品,力求教学内容和教材结构的创新。 | |
| 461 | 0 | @12001 @a高等院校广告和艺术设计专业系列规划教材 |
| 606 | 0 | @a工艺美术史@y中国@x高等学校@j教材 |
| 690 | @aJ509.2@v5 | |
| 701 | 0 | @a白波@ABai Bo@4主编 |
| 701 | 0 | @a孟红霞@AMeng Hong Xia@4主编 |
| 801 | @aCN@b江苏凤凰@c20211018 | |
| 905 | @b1342630-3@dJ509.2@e601@f4 | |
| 中国工艺美术史/白波, 孟红霞主编.-北京:清华大学出版社,2020.8 |
| 206页:图;26cm.-(高等院校广告和艺术设计专业系列规划教材) |
| ISBN 978-7-302-37000-0:CNY59.00 |
| 本书依据教育部“中国工艺美术史”课程教学大纲编写,紧密结合考古发掘的新发现,以历史朝代更迭为线索、以出土实物和历史文献为主、辅之以传世作品,理清中国工艺美术发展脉络,深入浅出地讲述中国工艺美术发展历史,使读者能够对发生在几千年前的历史事件和工艺美术作品有一个全面客观的认识。本书知识系统、内容丰富、图文并茂、通俗易懂,强化艺术素质培养,并注重挖掘历史人文内涵、精选风格鲜明的经典作品,力求教学内容和教材结构的创新。 |
| ● |
| 相关链接 |
|
|
|
|
正题名:中国工艺美术史
索取号:J509.2/601
 
预约/预借
| 序号 | 登录号 | 条形码 | 馆藏地/架位号 | 状态 | 备注 |
| 1 | 1342630 | 213426309 | 第一样本阅览室/ [索取号:J509.2/601] | 在馆 | |
| 2 | 1342631 | 213426318 | 第一借阅区/ [索取号:J509.2/601] | 在馆 | |
| 3 | 1342632 | 213426327 | 第一借阅区/ [索取号:J509.2/601] | 在馆 | |
| 4 | 1342633 | 213426336 | 第一借阅区/ [索取号:J509.2/601] | 在馆 |